LEADER 02598nam 2200589 a 450 001 9910455715203321 005 20200520144314.0 010 $a1-4552-6500-4 035 $a(CKB)2470000000001383 035 $a(EBL)1640928 035 $a(SSID)ssj0000674646 035 $a(PQKBManifestationID)11409388 035 $a(PQKBTitleCode)TC0000674646 035 $a(PQKBWorkID)10661346 035 $a(PQKB)10111556 035 $a(MiAaPQ)EBC1640928 035 $a(Au-PeEL)EBL1640928 035 $a(CaPaEBR)ebr10300231 035 $a(OCoLC)871225547 035 $a(EXLCZ)992470000000001383 100 $a20091205d2007 uy 0 101 0 $afre 135 $aur|n|---||||| 181 $ctxt 182 $cc 183 $acr 200 00$aPerspectives e?conomiques re?gionales$iEurope : Renforcer les syste?mes financiers : Nov. 07$b[electronic resource] 210 $aWashington, D.C. $cFonds mone?taire international$dc2007 215 $a1 online resource (84 p.) 225 1 $aE?tudes e?conomiques et financie?res 300 $aFrench translation of: Regional economic outlook : Europe. 311 $a1-4519-7062-5 311 $a1-58906-698-7 320 $aIncludes bibliographical references (p. 69-71). 327 $a1er ptie. Perspectives : entre turbulences financie?res et croissance soutenue -- 2e?me ptie. Analyse : renforcer les syste?mes financiers. 330 $aStrong fundamentals should allow Europe to weather financial turbulence relatively well. Nonetheless, growth is set to ease in 2008 in nearly all countries. Policymakers will need to deal up front with the financial market turmoil, while implementing fiscal consolidation and structural reforms, including in the financial sector, to address vulnerabilities, raise medium-term growth prospects, and deliver on the promise of convergence for emerging Europe. Three analytical chapters discuss reforms to strengthen Europe's financial systems to allow advanced economies to benefit from innovation with 410 0$aWorld economic and financial surveys. 517 1 $aRegional economic outlook. 606 $aEconomic forecasting$zEurope 607 $aEurope$xEconomic conditions$y1945- 607 $aEurope$xEconomic conditions$vStatistics 608 $aElectronic books. 615 0$aEconomic forecasting 676 $a658.4 712 02$aInternational Monetary Fund. 801 0$bMiAaPQ 801 1$bMiAaPQ 801 2$bMiAaPQ 906 $aBOOK 912 $a9910455715203321 996 $aPerspectives e?conomiques re?gionales$91967831 997 $aUNINA